[Event "AUT-chT2M 1819"]
[Site "Austria"]
[Date "2019.03.03"]
[Round "11.1"]
[White "Hiermann, Dietmar"]
[Black "Jakits, Leopold"]
[Result "1-0"]
[WhiteElo "2243"]
[BlackElo "2175"]
[PlyCount "63"]
[EventDate "2018.10.19"]
[EventType "team-tourn"]
[EventRounds "11"]
[EventCountry "AUT"]
[SourceTitle "CBM 189 Extra"]
[Source "ChessBase"]
[SourceDate "2019.06.03"]
[SourceVersion "1"]
[SourceVersionDate "2019.06.03"]
[SourceQuality "1"]
[WhiteTeam "Sauwald"]
[BlackTeam "Die Klagenfurter"]
[WhiteTeamCountry "AUT"]
[BlackTeamCountry "AUT"]

1. e4 c6 2. Nc3 d5 3. Nf3 Bg4 4. h3 Bxf3 5. Qxf3 d4 6. Ne2 e6 7. Qb3 Qd7 8. f4 Be7 9. g3 Na6 10. Ng1 Nc5 11. Qf3 d3 12. Bxd3 Nf6 13. e5 Nxd3+ 14. Qxd3 Qxd3 15. cxd3 Nh5 16. Ne2 0-0-0 17. d4 g5 18. fxg5 Bxg5 19. d3 Rhg8 20. Bxg5 Rxg5 21. g4 Ng7 22. Rf1 h5 23. Rxf7 hxg4 24. h4 Rg6 25. Nf4 Rh6 26. Rxg7 Rxh4 27. 0-0-0 Rxd4 28. Nxe6 Rd5 29. Rf1 Rh8 30. d4 Ra5 31. a3 Re8 32. Rff7 1-0

[Event "AUT-chT2M 1819"]
[Site "Austria"]
[Date "2019.03.02"]
[Round "10.2"]
[White "Jakits, Leopold"]
[Black "Meyer, Gordon"]
[Result "1/2-1/2"]
[WhiteElo "2175"]
[BlackElo "2188"]
[PlyCount "92"]
[EventDate "2018.10.19"]
[EventType "team-tourn"]
[EventRounds "11"]
[EventCountry "AUT"]
[SourceTitle "CBM 189 Extra"]
[Source "ChessBase"]
[SourceDate "2019.06.03"]
[SourceVersion "1"]
[SourceVersionDate "2019.06.03"]
[SourceQuality "1"]
[WhiteTeam "Die Klagenfurter"]
[BlackTeam "Steyregg"]
[WhiteTeamCountry "AUT"]
[BlackTeamCountry "AUT"]

1. c4 c5 2. g3 Nf6 3. Bg2 d5 4. cxd5 Nxd5 5. Nc3 Nc7 6. Nf3 Nc6 7. 0-0 e5 8. a3 Be7 9. b4 b5 10. bxc5 Bxc5 11. Qc2 0-0 12. Ng5 Qxg5 13. Bxc6 Qh5 14. Bf3 Bg4 15. Bxa8 Rxa8 16. Bb2 Ne6 17. Qe4 Rd8 18. Kh1 Ng5 19. Qb7 e4 20. h4 Bc8 21. Qc7 Ne6 22. Qc6 Qg4 23. Nxe4 Bb6 24. d4 Bxd4 25. Rad1 Qh3+ 26. Kg1 Bd7 27. Qc1 Rc8 28. Qd2 Bc6 29. Bxd4 Bxe4 30. f3 Qxg3+ 31. Kh1 Qh3+ 32. Kg1 Qg3+ 33. Kh1 Qxh4+ 34. Kg1 Qg3+ 35. Kh1 Qh3+ 36. Kg1 Qg3+ 37. Kh1 Nf4 38. Rf2 Rc6 39. Bf6 Bd5 40. Qe3 Re6 41. Qc3 gxf6 42. Qc8+ Kg7 43. Rg1 Qxg1+ 44. Kxg1 Nh3+ 45. Kf1 Nxf2 46. Kxf2 Bc4 1/2-1/2

[Event "AUT-chT2M 1819"]
[Site "Austria"]
[Date "2019.01.19"]
[Round "7.3"]
[White "Jakits, Leopold"]
[Black "Kilgus, Georg"]
[Result "0-1"]
[WhiteElo "2175"]
[BlackElo "2420"]
[PlyCount "55"]
[EventDate "2018.10.19"]
[EventType "team-tourn"]
[EventRounds "11"]
[EventCountry "AUT"]
[SourceTitle "CBM 189 Extra"]
[Source "ChessBase"]
[SourceDate "2019.06.03"]
[SourceVersion "1"]
[SourceVersionDate "2019.06.03"]
[SourceQuality "1"]
[WhiteTeam "Die Klagenfurter"]
[BlackTeam "Grieskirchen/Bad Schallenberg"]
[WhiteTeamCountry "AUT"]
[BlackTeamCountry "AUT"]

1. c4 e6 2. g3 d5 3. Bg2 d4 4. Nf3 c5 5. 0-0 Ne7 6. b4 cxb4 7. Qa4+ Nec6 8. Ne5 Qc7 9. Nxc6 Nxc6 10. a3 Bd7 11. d3 a5 12. Qb5 Ra7 13. Bf4 e5 14. Bxc6 bxc6 15. Qxe5+ Qxe5 16. Bxe5 c5 17. axb4 f6 18. Bb8 Rb7 19. Bf4 g5 20. Bc1 axb4 21. f4 g4 22. e3 dxe3 23. Re1 Kf7 24. Bxe3 Be7 25. Nd2 Bf5 26. Nb3 Rd8 27. Ra5 Rc7 28. d4 0-1

[Event "AUT-chT2M 1819"]
[Site "Austria"]
[Date "2018.11.25"]
[Round "5.6"]
[White "Ofner, Maximilian"]
[Black "Jakits, Leopold"]
[Result "0-1"]
[WhiteElo "2161"]
[BlackElo "2175"]
[PlyCount "84"]
[EventDate "2018.10.19"]
[EventType "team-tourn"]
[EventRounds "11"]
[EventCountry "AUT"]
[SourceTitle "CBM 189 Extra"]
[Source "ChessBase"]
[SourceDate "2019.06.03"]
[SourceVersion "1"]
[SourceVersionDate "2019.06.03"]
[SourceQuality "1"]
[WhiteTeam "Gleisdorf"]
[BlackTeam "Die Klagenfurter"]
[WhiteTeamCountry "AUT"]
[BlackTeamCountry "AUT"]

1. e4 c5 2. Nf3 g6 3. c4 Nc6 4. d4 cxd4 5. Nxd4 Nf6 6. Nc3 d6 7. Be2 Nxd4 8. Qxd4 Bg7 9. Be3 0-0 10. Qd2 Be6 11. Rc1 Qa5 12. f3 Rfc8 13. Nd5 Qxd2+ 14. Kxd2 Nxd5 15. cxd5 Bd7 16. Rxc8+ Rxc8 17. Rc1 Bxb2 18. Rxc8+ Bxc8 19. Bxa7 f5 20. Bb5 fxe4 21. fxe4 Kf7 22. Kd3 Be5 23. h3 Kf6 24. Be3 g5 25. Be8 Bf4 26. Bd4+ Be5 27. g4 Bxd4 28. Kxd4 e6 29. a4 b6 30. Kc4 Ke7 31. Bc6 Ba6+ 32. Bb5 Bb7 33. Kd4 Bc8 34. Bc4 Bd7 35. Bb5 Bxb5 36. axb5 Kf6 37. e5+ dxe5+ 38. Ke4 exd5+ 39. Kxd5 h6 40. Ke4 Ke6 41. Ke3 Kd5 42. h4 gxh4 0-1

[Event "AUT-chT2M 1718"]
[Site "Austria"]
[Date "2018.02.11"]
[Round "9.6"]
[White "Jakits, Leopold"]
[Black "Schieder, Andreas"]
[Result "1/2-1/2"]
[WhiteElo "2116"]
[BlackElo "2229"]
[PlyCount "126"]
[EventDate "2017.10.27"]
[EventType "team-tourn"]
[EventRounds "11"]
[EventCountry "AUT"]
[SourceTitle "EXT 2019"]
[Source "ChessBase"]
[SourceDate "2018.10.10"]
[SourceVersion "1"]
[SourceVersionDate "2018.10.10"]
[SourceQuality "1"]
[WhiteTeam "Die Klagenfurter"]
[BlackTeam "Pinggau Friedberg"]
[WhiteTeamCountry "AUT"]
[BlackTeamCountry "AUT"]

1. c4 d6 2. g3 e5 3. Nc3 f5 4. Nf3 e4 5. Nh4 Be7 6. d3 Bxh4 7. gxh4 Qxh4 8. dxe4 Nf6 9. Nd5 Nxe4 10. Qd4 Nc6 11. Qxg7 Qxf2+ 12. Kd1 Qd4+ 13. Qxd4 Nxd4 14. Nxc7+ Kd8 15. Be3 Kxc7 16. Bxd4 Rg8 17. Rg1 Rxg1 18. Bxg1 f4 19. Bg2 Bf5 20. Bxe4 Bxe4 21. Kd2 Bg2 22. b4 a5 23. b5 Re8 24. Rc1 b6 25. Bf2 Be4 26. Bd4 Bg6 27. e3 f3 28. Ke1 Bd3 29. Kf2 Rf8 30. a3 Be2 31. Rg1 Rf7 32. Rg8 Bxc4 33. Ra8 Bd5 34. Ra6 Bb7 35. Bxb6+ Kc8 36. Ra7 Rf5 37. Rxa5 Rh5 38. Ra4 Rxh2+ 39. Kf1 Rc2 40. Rf4 Bd5 41. e4 Bc4+ 42. Kg1 Rc1+ 43. Kf2 Bxb5 44. Rxf3 Be8 45. Rd3 Kd7 46. e5 d5 47. Rh3 Rc2+ 48. Ke1 Ke6 49. Bc7 Ba4 50. Rxh7 d4 51. Bd6 d3 52. Re7+ Kd5 53. Bb4 Re2+ 54. Kf1 Bb5 55. Rb7 Kc6 56. Rb8 Rxe5 57. Rd8 Kc7 58. Rd4 Re4 59. Rd5 Kc6 60. Rd6+ Kc7 61. Rd5 Bc6 62. Rf5 Kb6 63. Rf6 Kb5 1/2-1/2

[Event "AUT-chT2M 1617"]
[Site "Austria"]
[Date "2016.11.13"]
[Round "5.6"]
[White "Ertl, Johann"]
[Black "Jakits, Leopold"]
[Result "1-0"]
[WhiteElo "2288"]
[BlackElo "2110"]
[PlyCount "63"]
[EventDate "2016.10.07"]
[EventType "team-tourn"]
[EventRounds "11"]
[EventCountry "AUT"]
[SourceTitle "CBM 175 Extra"]
[Source "ChessBase"]
[SourceDate "2016.12.12"]
[SourceVersion "1"]
[SourceVersionDate "2016.12.12"]
[SourceQuality "1"]
[WhiteTeam "Maria Saal II"]
[BlackTeam "Die Klagenfurter"]
[WhiteTeamCountry "AUT"]
[BlackTeamCountry "AUT"]

1. e4 c6 2. Nc3 d5 3. Nf3 Bg4 4. h3 Bxf3 5. Qxf3 e6 6. d3 Nd7 7. Bd2 Ngf6 8. g4 d4 9. Nd1 h6 10. Qg3 Qb6 11. Bg2 Qc5 12. c4 a5 13. f4 g5 14. e5 Ng8 15. 0-0 Bg7 16. Nf2 gxf4 17. Bxf4 0-0-0 18. Ne4 Qf8 19. b4 axb4 20. Rfb1 Kc7 21. a3 Nc5 22. axb4 Nxe4 23. Bxe4 Ra8 24. Rxa8 Qxa8 25. Qf2 Qa7 26. b5 Qc5 27. bxc6 bxc6 28. Qb2 Qa7 29. Qb4 c5 30. Qb7+ Qxb7 31. Rxb7+ Kd8 32. Rxf7 1-0

[Event "Schwarzach op 31st"]
[Site "Schwarzach"]
[Date "2016.08.20"]
[Round "1"]
[White "Jakits, Leopold"]
[Black "Schnepp, Gunnar"]
[Result "1/2-1/2"]
[WhiteElo "2115"]
[BlackElo "2319"]
[PlyCount "44"]
[EventDate "2016.08.20"]
[EventType "swiss"]
[EventRounds "9"]
[EventCountry "AUT"]
[SourceTitle "CBM 174 Extra"]
[Source "ChessBase"]
[SourceDate "2016.10.10"]
[SourceVersion "1"]
[SourceVersionDate "2016.10.10"]
[SourceQuality "1"]

1. c4 c5 2. g3 Nf6 3. Bg2 d5 4. cxd5 Nxd5 5. Nc3 Nc7 6. Nf3 Nc6 7. 0-0 e5 8. a3 Rb8 9. d3 Be7 10. Be3 0-0 11. Rc1 b6 12. b4 cxb4 13. axb4 Nxb4 14. Nxe5 Bb7 15. Qa4 Bxg2 16. Kxg2 Rb7 17. Nc6 Nxc6 18. Qxc6 Qa8 19. d4 Ba3 20. Rcd1 b5 21. d5 b4 22. Ne4 b3 1/2-1/2

[Event "Graz op-A"]
[Site "Graz"]
[Date "2016.02.14"]
[Round "3"]
[White "Jakits, Leopold"]
[Black "Halvax, Georg"]
[Result "0-1"]
[WhiteElo "2126"]
[BlackElo "2342"]
[PlyCount "50"]
[EventDate "2016.02.12"]
[EventType "swiss"]
[EventRounds "9"]
[EventCountry "AUT"]
[SourceTitle "CBM 170 Extra"]
[Source "ChessBase"]
[SourceDate "2016.02.25"]
[SourceVersion "1"]
[SourceVersionDate "2016.02.25"]
[SourceQuality "1"]

1. c4 f5 2. g3 Nf6 3. Bg2 e5 4. d3 Nc6 5. Nc3 Bb4 6. e4 d6 7. Nge2 0-0 8. 0-0 Bxc3 9. Nxc3 Be6 10. Nd5 Qd7 11. Be3 Ng4 12. Qd2 Rf7 13. b4 Raf8 14. b5 Nd8 15. Bxa7 Bxd5 16. exd5 b6 17. f3 Nh6 18. f4 exf4 19. gxf4 Nb7 20. d4 Ra8 21. c5 dxc5 22. d6 Rxa7 23. dxc5 Nxc5 24. dxc7 Rxc7 25. Bd5 Kh8 0-1

[Event "AUT-chT2M 1415"]
[Site "Austria"]
[Date "2015.04.19"]
[Round "11.6"]
[White "Kainz, Josef"]
[Black "Jakits, Leopold"]
[Result "0-1"]
[WhiteElo "1925"]
[BlackElo "2087"]
[PlyCount "130"]
[EventDate "2014.10.03"]
[EventType "team-tourn"]
[EventRounds "11"]
[EventCountry "AUT"]
[SourceTitle "EXT 2016"]
[Source "ChessBase"]
[SourceDate "2015.10.08"]
[SourceVersion "1"]
[SourceVersionDate "2015.10.08"]
[SourceQuality "1"]
[WhiteTeam "Graz Strassenbahn"]
[BlackTeam "Die Klagenfurter"]
[WhiteTeamCountry "AUT"]
[BlackTeamCountry "AUT"]

1. d4 Nf6 2. c4 e6 3. Nc3 Bb4 4. e3 d5 5. Bd3 0-0 6. Qc2 c5 7. Nf3 cxd4 8. exd4 dxc4 9. Bxc4 Nc6 10. Be3 a6 11. 0-0 b5 12. Bd3 Bb7 13. Rad1 Rc8 14. a3 Be7 15. Qe2 Na5 16. Ne5 Bxa3 17. d5 exd5 18. Bf5 Rxc3 19. bxc3 Qe7 20. Ng4 Re8 21. Qc2 Nxg4 22. Bxg4 Qe4 23. Qa2 Qxg4 24. Qxa3 Nc4 25. Qc5 Nxe3 26. fxe3 d4 27. e4 Qxe4 28. Rf2 dxc3 29. Qxc3 h6 30. h3 Bd5 31. Qa5 Qe6 32. Qd2 Bc4 33. Ra1 Qb6 34. Kh1 Re6 35. Qb2 a5 36. Raf1 Bxf1 37. Rxf1 b4 38. Qc2 Qa6 39. Rd1 Re8 40. Qc7 Qe2 41. Rd8 Rxd8 42. Qxd8+ Kh7 43. Qxa5 Qd1+ 44. Kh2 Qd6+ 45. Kg1 Qb8 46. Qd5 Qb6+ 47. Kh1 Qe6 48. Qd3+ g6 49. Qb1 b3 50. Qb2 Qd5 51. Qf6 Qf5 52. Qb2 Qd3 53. Qf6 Kg8 54. Qe5 Qc4 55. Qe8+ Kh7 56. Qe5 Qb4 57. Qb2 Kg8 58. Kh2 Qf4+ 59. Kg1 Qb4 60. Kh1 Qb6 61. Kh2 Qd6+ 62. Kh1 Qd1+ 63. Kh2 Qc2 64. Qe5 Kh7 65. Qd4 Qf5 0-1

[Event "AUT-chT2M 1415"]
[Site "Austria"]
[Date "2015.02.27"]
[Round "6.5"]
[White "Jakits, Leopold"]
[Black "Ofner, Maximilian"]
[Result "1-0"]
[WhiteElo "2087"]
[BlackElo "2145"]
[PlyCount "57"]
[EventDate "2014.10.03"]
[EventType "team-tourn"]
[EventRounds "11"]
[EventCountry "AUT"]
[SourceTitle "EXT 2016"]
[Source "ChessBase"]
[SourceDate "2015.10.08"]
[SourceVersion "1"]
[SourceVersionDate "2015.10.08"]
[SourceQuality "1"]
[WhiteTeam "Die Klagenfurter"]
[BlackTeam "Gleisdorf"]
[WhiteTeamCountry "AUT"]
[BlackTeamCountry "AUT"]

1. e4 c6 2. d4 d5 3. exd5 cxd5 4. c4 Nf6 5. Nc3 Nc6 6. Bg5 dxc4 7. Bxc4 h6 8. Bf4 e6 9. Nf3 Be7 10. 0-0 0-0 11. Re1 Nb4 12. Qd2 Nbd5 13. Bxh6 gxh6 14. Qxh6 Nxc3 15. bxc3 Ne8 16. Re4 Ng7 17. Rg4 Bf6 18. Ng5 Bxg5 19. Rxg5 Qxg5 20. Qxg5 Bd7 21. Re1 Rac8 22. Qe7 Bc6 23. Re3 Rce8 24. Qh4 f5 25. Qh6 Kf7 26. Rg3 Rg8 27. h4 f4 28. Qxf4+ Nf5 29. Qxf5+ 1-0

[Event "Graz Casino op-A"]
[Site "Graz"]
[Date "2014.02.16"]
[Round "3"]
[White "Jakits, Leopold"]
[Black "Singer, Richard"]
[Result "0-1"]
[WhiteElo "2061"]
[BlackElo "2247"]
[PlyCount "74"]
[EventDate "2014.02.14"]
[EventType "swiss"]
[EventRounds "9"]
[EventCountry "AUT"]
[SourceTitle "CBM 158 Extra"]
[Source "ChessBase"]
[SourceDate "2014.02.28"]
[SourceVersion "1"]
[SourceVersionDate "2014.02.28"]
[SourceQuality "1"]

1. c4 Nf6 2. g3 g6 3. Bg2 Bg7 4. Nc3 0-0 5. d4 d6 6. Nf3 Nc6 7. e4 Bg4 8. 0-0 Nd7 9. Be3 a6 10. Qd2 Rb8 11. Ne1 Nb6 12. b3 e5 13. d5 Nd4 14. f3 Bc8 15. Ne2 Nxe2+ 16. Qxe2 Nd7 17. Nd3 b6 18. b4 f5 19. Rab1 fxe4 20. fxe4 Rxf1+ 21. Rxf1 Nf6 22. Nf2 Qe8 23. Qc2 c5 24. bxc5 bxc5 25. Rb1 Bd7 26. Bh3 Bxh3 27. Rxb8 Qxb8 28. Nxh3 h5 29. Bd2 Ng4 30. Qb3 Qf8 31. Kg2 Bh6 32. Bxh6 Qxh6 33. Qc3 Qe3 34. Qc2 Kg7 35. Ng1 Nf6 36. Qe2 Qxe2+ 37. Nxe2 Nxe4 0-1

[Event "Wolfsberg op"]
[Site "Wolfsberg"]
[Date "2013.12.30"]
[Round "6"]
[White "Jakits, Leopold"]
[Black "Titz, Heimo"]
[Result "1/2-1/2"]
[WhiteElo "2074"]
[BlackElo "2168"]
[PlyCount "66"]
[EventDate "2013.12.26"]
[EventType "swiss"]
[EventRounds "7"]
[EventCountry "AUT"]
[SourceTitle "CBM 158 Extra"]
[Source "ChessBase"]
[SourceDate "2014.02.28"]
[SourceVersion "1"]
[SourceVersionDate "2014.02.28"]
[SourceQuality "1"]

1. c4 c5 2. Nc3 Nf6 3. g3 g6 4. Bg2 d6 5. Nf3 Nc6 6. 0-0 Bg7 7. d4 cxd4 8. Nxd4 Bd7 9. Nc2 0-0 10. b3 Qa5 11. Bb2 Rfc8 12. Qd2 Rab8 13. Rfd1 a6 14. Ne3 Qh5 15. Ncd5 Nxd5 16. Nxd5 Bxb2 17. Qxb2 Re8 18. c5 dxc5 19. Nc7 Nd4 20. e3 Qe5 21. exd4 Qxc7 22. dxc5 Bc6 23. Bxc6 Qxc6 24. Qe5 Rbd8 25. Rxd8 Rxd8 26. Qxe7 Re8 27. Qd6 Qf3 28. Rd1 Re2 29. Qd8+ Kg7 30. Qd4+ Kg8 31. Qd8+ Kg7 32. Qd4+ Kg8 33. Qd8+ Kg7 1/2-1/2

[Event "Wolfsberg op"]
[Site "Wolfsberg"]
[Date "2013.12.28"]
[Round "4"]
[White "Wegerer, Fred"]
[Black "Jakits, Leopold"]
[Result "0-1"]
[WhiteElo "2157"]
[BlackElo "2074"]
[PlyCount "130"]
[EventDate "2013.12.26"]
[EventType "swiss"]
[EventRounds "7"]
[EventCountry "AUT"]
[SourceTitle "CBM 158 Extra"]
[Source "ChessBase"]
[SourceDate "2014.02.28"]
[SourceVersion "1"]
[SourceVersionDate "2014.02.28"]
[SourceQuality "1"]

1. e4 c6 2. d4 d5 3. e5 Bf5 4. Nf3 e6 5. Be2 c5 6. 0-0 Nc6 7. c4 dxc4 8. Bxc4 cxd4 9. Bb5 Bc5 10. b4 Bb6 11. Bb2 d3 12. Nc3 Nge7 13. Nh4 0-0 14. Nxf5 Nxf5 15. Bxd3 Nxe5 16. Bxf5 exf5 17. Nd5 Nc4 18. Bc3 Rc8 19. Qf3 Qg5 20. Rad1 Rfe8 21. Nxb6 Nxb6 22. Bd4 Re4 23. Bxb6 axb6 24. h3 g6 25. a3 Qe7 26. Qd3 Qc7 27. Qd2 Ra8 28. Rc1 Qe5 29. Qd7 Qe7 30. Rc8+ Rxc8 31. Qxc8+ Kg7 32. Qc3+ Qf6 33. Qc7 Re7 34. Qd8 Re2 35. Qd3 Ra2 36. Qd5 Rxa3 37. Qxb7 Rb3 38. Rd1 Rxb4 39. Qc7 Rd4 40. Rb1 Qd6 41. Qc3 Kh6 42. Qc1+ f4 43. Kh2 Kh5 44. Qc8 f3+ 45. g3 f5 46. Qg8 Kh6 47. Qb3 f4 48. g4 Rd2 49. Qxf3 Rd3 50. Qg2 g5 51. Rb2 Rd1 52. Qf3 Rd3 53. Qg2 f3+ 54. Qg3 Rd2 55. Rxd2 Qxd2 56. Qxf3 Qf4+ 57. Kg2 Qxf3+ 58. Kxf3 Kg6 59. Ke4 Kf6 60. Kd5 h6 61. Ke4 b5 62. Kd5 b4 63. Kc4 Ke5 64. Kxb4 Kf4 65. Kc3 Kf3 0-1

[Event "Wolfsberg op"]
[Site "Wolfsberg"]
[Date "2013.12.26"]
[Round "1"]
[White "Jakits, Leopold"]
[Black "Cebalo, Miso"]
[Result "0-1"]
[WhiteElo "2074"]
[BlackElo "2403"]
[PlyCount "117"]
[EventDate "2013.12.26"]
[EventType "swiss"]
[EventRounds "7"]
[EventCountry "AUT"]
[SourceTitle "CBM 158 Extra"]
[Source "ChessBase"]
[SourceDate "2014.02.28"]
[SourceVersion "1"]
[SourceVersionDate "2014.02.28"]
[SourceQuality "1"]

1. c4 e5 2. g3 Nc6 3. Nc3 a6 4. Bg2 Bc5 5. e3 d6 6. Nge2 Ba7 7. d4 Bd7 8. b3 h5 9. h3 Nh6 10. Bb2 Nf5 11. Nd5 exd4 12. e4 Nfe7 13. Nxd4 Nxd5 14. cxd5 Ne5 15. Rc1 Bb6 16. Qd2 Bb5 17. Nxb5 axb5 18. a3 Qf6 19. 0-0 h4 20. g4 g5 21. Kh1 Qf4 22. Qe2 0-0 23. Rc2 Ng6 24. Qxb5 Rfe8 25. Qd3 Re7 26. b4 Ne5 27. Qc3 Qf6 28. Qd2 Qf4 29. Qc3 Qf6 30. Qd2 Qf4 31. Qe2 Qf6 32. f4 gxf4 33. Bc1 Ng6 34. Bxf4 Nxf4 35. Qd2 Qg5 36. Qxf4 Qxf4 37. Rxf4 Rxa3 38. Rf1 Rb3 39. Rc4 Re8 40. Ra1 Kg7 41. Kh2 Rh8 42. Kh1 Rh6 43. Rf1 Rf6 44. Rf5 Rxf5 45. exf5 Rb1+ 46. Kh2 Bg1+ 47. Kh1 Bf2+ 48. Bf1 Bb6 49. Kg2 Rb2+ 50. Kh1 Kf6 51. Re4 Rd2 52. Bc4 c6 53. Re8 cxd5 54. Bf1 Kg5 55. Re7 Kf4 56. Rxb7 Bd4 57. Re7 Kg3 58. Be2 Rb2 59. Bd1 0-1

[Event "Latschach op 29th"]
[Site "Latschach"]
[Date "2013.08.15"]
[Round "7"]
[White "Jakits, Leopold"]
[Black "Amores Gago, Javier"]
[Result "1-0"]
[WhiteElo "2024"]
[BlackElo "2167"]
[PlyCount "73"]
[EventDate "2013.08.10"]
[EventType "swiss"]
[EventRounds "9"]
[EventCountry "AUT"]
[SourceTitle "CBM 155 Extra"]
[Source "ChessBase"]
[SourceDate "2013.08.26"]
[SourceVersion "1"]
[SourceVersionDate "2013.08.26"]
[SourceQuality "1"]

1. c4 e5 2. g3 d6 3. Bg2 f5 4. Nc3 Nf6 5. d3 Be7 6. e3 0-0 7. Nge2 Qe8 8. 0-0 c6 9. b3 Qh5 10. f4 Na6 11. Qd2 Be6 12. Bb2 Rad8 13. Rae1 Rf7 14. Nd1 e4 15. Nf2 d5 16. Nd4 Bc8 17. cxd5 cxd5 18. a3 Bc5 19. Rc1 Re7 20. b4 Bd6 21. Rxc8 Rxc8 22. Nxf5 Qxf5 23. Bh3 Qg6 24. Bxc8 exd3 25. Nxd3 Qe8 26. Bh3 Qb5 27. Ne5 Nc7 28. Re1 a5 29. Bf1 Qa4 30. Nc4 Qd7 31. Nxd6 Qxd6 32. Be5 Qd7 33. Rc1 Ne6 34. Bg2 Ne4 35. Qd3 axb4 36. axb4 N6g5 37. Rc7 1-0

[Event "Steyr Landesliga 1213"]
[Site "Austria"]
[Date "2013.03.02"]
[Round "7.4"]
[White "Sachsenhofer, Michael"]
[Black "Jakits, Leopold"]
[Result "0-1"]
[WhiteElo "2174"]
[BlackElo "1979"]
[PlyCount "54"]
[EventDate "2012.09.22"]
[EventType "team-tourn"]
[EventRounds "11"]
[EventCountry "AUT"]
[SourceTitle "EXT 2014"]
[Source "ChessBase"]
[SourceDate "2013.11.20"]
[SourceVersion "1"]
[SourceVersionDate "2013.11.20"]
[SourceQuality "1"]
[WhiteTeam "Leoben"]
[BlackTeam "Graz Post"]
[WhiteTeamCountry "AUT"]
[BlackTeamCountry "AUT"]

1. e4 c5 2. Nc3 Nc6 3. g3 g6 4. Bg2 Bg7 5. d3 d6 6. Be3 e6 7. Qd2 Rb8 8. Nf3 b5 9. d4 b4 10. Nd1 Nf6 11. Qd3 Qa5 12. dxc5 d5 13. exd5 Ba6 14. Qb3 exd5 15. Bf4 0-0 16. Ne3 d4 17. Bxb8 Rxb8 18. 0-0-0 dxe3 19. Ng5 Ne5 20. Qxe3 Nfg4 21. Qf4 Qxa2 22. Bd5 Qa1+ 23. Kd2 Qxb2 24. Nxf7 Nf3+ 25. Qxf3 Bc3+ 26. Qxc3 bxc3+ 27. Ke1 Kg7 0-1

[Event "Steyr Landesliga 1213"]
[Site "Austria"]
[Date "2012.11.03"]
[Round "3.6"]
[White "Reiter, Peter"]
[Black "Jakits, Leopold"]
[Result "0-1"]
[WhiteElo "1925"]
[BlackElo "1979"]
[PlyCount "105"]
[EventDate "2012.09.22"]
[EventType "team-tourn"]
[EventRounds "11"]
[EventCountry "AUT"]
[SourceTitle "EXT 2014"]
[Source "ChessBase"]
[SourceDate "2013.11.20"]
[SourceVersion "1"]
[SourceVersionDate "2013.11.20"]
[SourceQuality "1"]
[WhiteTeam "Liezen Admont"]
[BlackTeam "Graz Post"]
[WhiteTeamCountry "AUT"]
[BlackTeamCountry "AUT"]

1. e4 c5 2. g3 g6 3. Bg2 Bg7 4. Nc3 Nc6 5. d3 Nf6 6. Nf3 d6 7. 0-0 0-0 8. a3 Bg4 9. h3 Bxf3 10. Bxf3 Rb8 11. Be3 b5 12. Bg2 Nd7 13. Qd2 Re8 14. f4 Nd4 15. Kh2 Nb6 16. Rab1 Qd7 17. Nd1 a5 18. c3 Nb3 19. Qc2 a4 20. Qf2 Qc7 21. Qe2 Nd7 22. Nf2 b4 23. c4 Nd4 24. Bxd4 Bxd4 25. Ng4 bxa3 26. bxa3 Rxb1 27. Rxb1 Rb8 28. Rb5 Rxb5 29. cxb5 Qb6 30. e5 Qxb5 31. e6 Nf8 32. exf7+ Kxf7 33. Nh6+ Ke8 34. Qe4 Qa6 35. Qc6+ Qxc6 36. Bxc6+ Kd8 37. Bxa4 Bb2 38. Kg2 Bxa3 39. g4 Bc1 40. Kf3 e5 41. Ng8 exf4 42. Bb3 Nd7 43. Ke4 Ne5 44. Bd1 f3 45. Bxf3 Nxf3 46. Kxf3 Bg5 47. h4 Bxh4 48. Kf4 Ke8 49. g5 Kf7 50. Nh6+ Ke6 51. Ng4 Be1 52. Ke3 Bc3 53. Kf4 0-1

[Event "AUT-chT2M 1213"]
[Site "Austria"]
[Date "2012.10.21"]
[Round "3.5"]
[White "Jakits, Leopold"]
[Black "Stagl, Marco"]
[Result "0-1"]
[WhiteElo "1979"]
[BlackElo "2079"]
[PlyCount "32"]
[EventDate "2012.10.19"]
[EventType "team-tourn"]
[EventRounds "11"]
[EventCountry "AUT"]
[SourceTitle "EXT 2013"]
[Source "ChessBase"]
[SourceDate "2012.11.22"]
[SourceVersion "1"]
[SourceVersionDate "2012.11.22"]
[SourceQuality "1"]
[WhiteTeam "Klagenfurt"]
[BlackTeam "Graz Styria"]
[WhiteTeamCountry "AUT"]
[BlackTeamCountry "AUT"]

1. e4 d5 2. exd5 Nf6 3. d4 Nxd5 4. c4 Nb6 5. Nf3 g6 6. Nc3 Bg7 7. h3 0-0 8. Be3 Nc6 9. Qd2 Re8 10. d5 Ne5 11. Nxe5 Bxe5 12. c5 Bxc3 13. bxc3 Nxd5 14. Rd1 c6 15. c4 Nxe3 16. Qxd8 Nc2+ 0-1

[Event "AUT-chT2M 0910"]
[Site "Austria"]
[Date "2010.02.28"]
[Round "8.6"]
[White "Dornauer, Joachim"]
[Black "Jakits, Leopold"]
[Result "0-1"]
[WhiteElo "2135"]
[BlackElo "1982"]
[PlyCount "87"]
[EventDate "2009.10.10"]
[EventType "team-tourn"]
[EventRounds "11"]
[EventCountry "AUT"]
[SourceTitle "EXT 2011"]
[Source "ChessBase"]
[SourceDate "2010.11.26"]
[SourceVersion "1"]
[SourceVersionDate "2010.11.26"]
[SourceQuality "1"]
[WhiteTeam "St Valentin"]
[BlackTeam "Klagenfurt"]
[WhiteTeamCountry "AUT"]
[BlackTeamCountry "AUT"]

1. d4 Nf6 2. c4 e6 3. Nf3 c5 4. d5 d6 5. Nc3 exd5 6. cxd5 g6 7. e4 Bg7 8. Be2 0-0 9. Nd2 a6 10. a4 Nbd7 11. 0-0 Re8 12. f4 Rb8 13. Bd3 Qa5 14. Nc4 Qc7 15. e5 dxe5 16. d6 Qd8 17. fxe5 Nxe5 18. Nxe5 Rxe5 19. Bf4 Rh5 20. Be2 Rf5 21. d7 Bxd7 22. Bxb8 Qxb8 23. Rxf5 Bxf5 24. Bf3 h5 25. Qe2 Ng4 26. g3 Bd4+ 27. Kg2 Ne3+ 28. Kh1 Kg7 29. Nd5 Ng4 30. Rf1 b5 31. axb5 axb5 32. Nf4 Ne3 33. Ra1 Bg4 34. Re1 Qd6 35. b3 b4 36. h3 Bxf3+ 37. Qxf3 Nc2 38. Re2 Na3 39. Nd5 Nb5 40. Kg2 Be5 41. Rf2 Bxg3 42. Qxg3 Qxd5+ 43. Rf3 Nd4 44. Qf4 0-1

[Event "St Veit op-B 27th"]
[Site "St Veit"]
[Date "2008.07.12"]
[Round "?"]
[White "Lehner, Erich"]
[Black "Jakits, Leopold"]
[Result "1-0"]
[WhiteElo "1939"]
[BlackElo "2004"]
[PlyCount "97"]
[EventDate "2008.07.05"]
[EventType "swiss"]
[EventRounds "9"]
[EventCountry "AUT"]
[SourceTitle "EXT 2024"]
[Source "ChessBase"]
[SourceDate "2023.10.10"]
[SourceVersion "1"]
[SourceVersionDate "2023.10.10"]
[SourceQuality "1"]

1. d4 Nf6 2. Nc3 d5 3. Bf4 Bf5 4. Nf3 e6 5. Nh4 Bd6 6. Nxf5 exf5 7. Bxd6 Qxd6 8. f3 0-0 9. Qd3 f4 10. 0-0-0 Nbd7 11. Kb1 c6 12. e4 fxe3 13. Qxe3 b5 14. Bd3 Nb6 15. h4 a5 16. h5 b4 17. Ne2 a4 18. b3 Qc7 19. Rd2 Rfe8 20. Qf2 Nfd7 21. Ng3 c5 22. dxc5 Nxc5 23. Bb5 Re6 24. Nf5 Qe5 25. Nd4 axb3 26. cxb3 Rf6 27. Re2 Ne4 28. Qe3 Nc3+ 29. Qxc3 Qxe2 30. Nxe2 bxc3 31. Nxc3 Re6 32. Rd1 Re5 33. g4 Rd8 34. f4 Re3 35. Kb2 d4 36. Ne2 d3 37. Nc3 Kf8 38. a4 Ke7 39. a5 Nd5 40. Bxd3 Nxf4 41. Bc2 Rxd1 42. Nxd1 Re5 43. b4 g6 44. hxg6 fxg6 45. Nc3 Nd5 46. Nxd5+ Rxd5 47. Kc3 Kd6 48. Be4 Rg5 49. a6 1-0